| 000 -LEADER |
| fixed length control field |
00490pab a2200157 454500 |
| 008 - FIXED-LENGTH DATA ELEMENTS--GENERAL INFORMATION |
| fixed length control field |
180718b2013 xxu||||| |||| 00| 0 eng d |
| 100 ## - MAIN ENTRY--PERSONAL NAME |
| Personal name |
Majumder, Bhaskar |
| 245 ## - TITLE STATEMENT |
| Title |
Economic inequality and social structure: juxtaposition or causation? an analysis in India's context |
| 260 ## - PUBLICATION, DISTRIBUTION, ETC. |
| Date of publication, distribution, etc. |
2013 |
| 300 ## - PHYSICAL DESCRIPTION |
| Extent |
p.103-119. |
| 362 ## - DATES OF PUBLICATION AND/OR SEQUENTIAL DESIGNATION |
| Dates of publication and/or sequential designation |
Jan-Jun |
| 650 ## - SUBJECT ADDED ENTRY--TOPICAL TERM |
| Topical term or geographic name entry element |
Income distribution - India |
| 650 ## - SUBJECT ADDED ENTRY--TOPICAL TERM |
| Topical term or geographic name entry element |
Income distribution |
| 773 ## - HOST ITEM ENTRY |
| Main entry heading |
Journal of Social and Economic Studies |
| 909 ## - |
| -- |
110749 |